Zbierka úloh z matematiky /

Guardado en:
Detalles Bibliográficos
Autores principales: Krajňáková, Dorota (Autor), Míčka, Jiří (Autor), Machačová, Ludmila (Autor)
Formato: Libro
Lenguaje:eslovaco
Publicado: Bratislava : Alfa, 1988
Etiquetas: Agregar Etiqueta
Sin Etiquetas, Sea el primero en etiquetar este registro!

MARC

LEADER 00000nam a22000003a 4500
001 stu3052
005 20150617225616.3
008 930129s1988----cs------------------slo-d
040 |a STU  |b slo 
041 0 |a slo 
044 |a cs 
080 |a 51(076.2)  |7 stu_us_auth*stu8223 
100 1 |a Krajňáková, Dorota  |4 aut 
245 1 |a Zbierka úloh z matematiky /  |c [aut.] Krajňáková,D.; Míčka,J.; Machačová,L 
260 |a Bratislava :  |b Alfa,  |c 1988 
300 |a 528 s 
700 1 |a Míčka, Jiří  |4 aut 
700 1 |a Machačová, Ludmila  |4 aut 
996 |b E67527  |c E*67527  |l EE03  |s P  |a 0  |w stu3052_0001